Tras el 11 de setiembre conflicto social y hegemonía norteaméricana en América Latina /
Guardado en:
| Hovedforfatter: | |
|---|---|
| Andre forfattere: | |
| Format: | Texto |
| Tags: |
Tilføj Tag
Ingen Tags, Vær først til at tagge denne postø!
|
MARC
| LEADER | 00000 a a2200000 04500 | ||
|---|---|---|---|
| 001 | 10980 | ||
| 003 | |||
| 040 | |||
| 100 | |a Seoane, José A. | ||
| 245 | |a Tras el 11 de setiembre conflicto social y hegemonía norteaméricana en América Latina / |c José A. Seoane | ||
| 700 | |a Taddei, Emilio |a Algranati, Clara | ||
| 773 | |g número 6; páginas 49-60 | ||
| 999 | |c 26822 |d 26822 | ||
